000 00317 a2200109 4500
001 ART_18325
005 20260410161919.0
008 260409a
245 1 0 _aLa reciente reforma tributaria
100 1 _aSchindel, Ángel
773 0 _tLa información
_g- Tomo XXXIII, Nº 557 (mayo 1976)
_wREV14902
999 _c27531
_d27531